00572nam a22001577a 4500003000900000005001700009008004100026040001300067100002300080245002500103250000600128260002100134300001800155490000600173520023500179IT-RoPau20220918175939.0130201b xxu||||| |||| 00| 0 eng d cIT-RoPau aChiesa, Francesco aLa Chiave della Vita aI aAlbabPSSPc1927 a260 p.c20 cm vI aIndice Lezione I. La Chiave del grande enigma Lezione II. Preparazione della mensa Lezione III. Preparazione della volontà Lezione IV. Preparazione del cuore Lezione V. Preparazione del corpo Conclusione Riassunto generale